000 00270nam a2200121Ia 4500
008 190216s9999||||xx |||||||||||||| ||und||
100 _aMuhamed K T
245 0 _aKaliyum Karyavum
260 _bPoorna Pubs Kozhikode
300 _a87
650 _aKathakal
942 _cBK
999 _c25100
_d25100